• 首页
  • 本馆介绍
  • 公告通知
  • 最新文献
  • 馆藏检索
  • 电子资源
  • 读者导购
  • 参考咨询
  • 我的图书馆
  • 登录
  • 详细信息显示
  • 放入我的书架
  • 预约/预借图书
  • 作者相关作品
  • 分类相关作品
  • 丛书相关作品
  • 出版社相关作品

书目信息

  • 表格格式
  • 工作单格式
  • 卡片格式
题名:
中国动物志
    
 
作者: 何俊华 , 许再福 著 ;中科院 主编
分册: 第五十六卷   昆虫纲
出版信息: 北京   科学出版社  2015
页数: 1050页
开本: 27cm
丛书名:
单 册:
中图分类: Q958.52 , Q969.54
科图分类:
主题词: 动物志--中国 , 昆虫纲--动物志--中国 , 膜翅目--动物志--中国 , 细蜂总科--动物志--中国
电子资源:
ISBN: 978-7-03-044291-8
000 01614nam0 2200313 450
001 4672
005 20181015084035.75
010    @a978-7-03-044291-8@b精装@dCNY350.00
100    @a20151101d2015 em y0chiy50 ea
101 0  @achi@deng@elat
102    @aCN@b110000
105    @aa z 001yy
200 1  @a中国动物志@9zhong guo dong wu zhi@i昆虫纲@h第五十六卷@i膜翅目@i细蜂总科@h一@dFauna sinica@iInsecta@hVol.56@iHymenoptera@iProctotrupoidea@hI@f何俊华,许再福著@g中国科学院中国动物志编辑委员会主编@zeng
210    @a北京@c科学出版社@d2015
215    @a1050页@c图@d27cm
300    @a国家科学技术学术著作出版基金资助出版 国家自然科学基金重大项目 中国科学院知识创新工程重大项目(国家自然科学基金委员会 中国科学院 国家科技部 资助)
330    @a本书内容分总科概论和各论两大部分。总论中论述了总科名演替、总科的隶属范围和研究进展、成虫形态特征、生物学特性、地理分布、总科在地史上的分布、分科检索表及各科简介。各论部分分别记述各科的属和种(及细蜂科的族、亚属和种团)共24属407种,除课题立项以来已陆续正式发表的外,本书内仍有1新属、1新种团、289新种、2中国新记录种团和4中国新记录种;各分类阶元有形态特征和分布,并列有检索表。
510 1  @aFauna sinica@iInsecta@hVol.56@iHymenoptera@iProctotrupoidea@hI@zeng
606 0  @a动物志@y中国
606 0  @a昆虫纲@x动物志@y中国
606 0  @a膜翅目@x动物志@y中国
606 0  @a细蜂总科@x动物志@y中国
690    @aQ958.52@v5
690    @aQ969.54@v5
701  0 @a何俊华@9He Jun Hua@f(1930.4-)@4著
701  0 @a许再福@9xu zai fu@f(1965-)@4著
712 02 @a中科院@9zhong ke yuan@b中国动物志编委会@4主编
801  0 @aCN@b91MARC@c20151101
905    @aMuseLib@dQ958.52@e11:2(56)
    
    中国动物志.昆虫纲.第五十六卷.膜翅目.细蜂总科.一=Fauna sinica.Insecta.Vol.56.Hymenoptera.Proctotrupoidea.I/何俊华,许再福著/中国科学院中国动物志编辑委员会主编.-北京:科学出版社,2015
    1050页:图;27cm
    国家科学技术学术著作出版基金资助出版 国家自然科学基金重大项目 中国科学院知识创新工程重大项目(国家自然科学基金委员会 中国科学院 国家科技部 资助)
    
    ISBN 978-7-03-044291-8(精装):CNY350.00
    本书内容分总科概论和各论两大部分。总论中论述了总科名演替、总科的隶属范围和研究进展、成虫形态特征、生物学特性、地理分布、总科在地史上的分布、分科检索表及各科简介。各论部分分别记述各科的属和种(及细蜂科的族、亚属和种团)共24属407种,除课题立项以来已陆续正式发表的外,本书内仍有1新属、1新种团、289新种、2中国新记录种团和4中国新记录种;各分类阶元有形态特征和分布,并列有检索表。
●
相关链接 在E读中查询图书 在五车中查询图书 在当当中查询图书 在豆瓣中查询图书


正题名:中国动物志     索取号:Q958.52/11:2(56)         预约/预借

序号 登录号 条形码 馆藏地/架位号 状态 备注
1 1126179   211261793   第二样本阅览室/ [索取号:Q958.52/11:2(56)] 在馆    
2 1126180   211261800   第三借阅区/ [索取号:Q958.52/11:2(56)] 在馆    
唐山师范学院图书馆 欢迎您!
大连网信软件有限公司© 版权所有